000 00896nam a2200253 u 4500
001 61496
005 20180714063139.0
008 141006s2009 ag r 000 0 spa d
020 _a978-950-895-312-4
082 0 _a302.23
_bSOR
100 1 _aSorj, Bernardo,
_eautor
245 1 0 _aDemocracia y medios de comunicación :
_bmas allá del estado y el mercado.
250 _aPrimera edición
264 1 _aArgentina :
_bKonrad Adenauer Stiftung ;
_c2012
300 _a334 páginas :
_b21 cm.
336 _atexto
_2rdacontent
337 _asin mediación,
_2rdamedia
338 _avolumen
_2rdacarrier
490 0 _aEl estado de la democracia
650 4 _aMedios de comunicación de masas
_zAmerica Latina
650 4 _aPolítica y medios de comunicación de masas
_zAmérica Latina
700 1 _aAldrovandi, Jorge,
_etraductor
700 1 _aChristophe, Micheline,
_etraductor
999 _c61496
_d61496